[Event "2024 British Rapidplay Championship"]
[Site "Holiday Inn Peterborough - West"]
[Date "2024.03.02"]
[Round "4.98"]
[White "Arun, Saiarya"]
[Black "Hristov, Georgi"]
[Result "0-1"]
[WhiteFideId "343412548"]
[BlackFideId "5901766"]
[WhiteElo "1485"]
[BlackElo "1654"]
[EventDate "2024.03.02"]

1. e4 a6 2. d4 b5 3. c4 Bb7 4. Nc3 b4 5. Nd5 e6 6. Nf4 Bxe4 7. Qe2 Nf6 8. f3 Bb7
9. Be3 Be7 10. Qd1 a5 11. Bd3 d6 12. Nge2 Nbd7 13. O-O O-O 14. Qe1 e5 15. Nh3 e4
16. fxe4 Nxe4 17. d5 Nef6 18. Qh4 Ne5 19. Bc2 Ng6 20. Qg3 Qd7 21. Nhf4 Qg4 22. Qf2
Rfe8 23. Bd1 Qd7 24. h3 Bf8 25. Nd4 Ne4 26. Qe1 c5 27. Bg4 Qe7 28. Nf5 Qf6 29. Nh5
Qxb2 30. Rf2 Nxf2 31. Qxf2 Qxf2+ 32. Bxf2 Ne5 33. Re1 Nxg4 34. Rxe8 Rxe8 35. hxg4
Re2 36. Bg3 Rxa2 37. Be1 b3 38. Bc3 b2 39. Nh6+ gxh6 40. Nf6+ Kg7 41. Nh5+ Kg6 42.
Nf4+ Kg5 43. Nh3+ Kxg4 44. Nf2+ Kh4 45. Bf6+ Kh5 0-1

[Event "2024 British Rapidplay Championship"]
[Site "Holiday Inn Peterborough - West"]
[Date "2024.03.02"]
[Round "4.99"]
[White "Darbost, Fabien"]
[Black "Ou, Siyao"]
[Result "0-1"]
[WhiteFideId "343407200"]
[BlackFideId "343405649"]
[WhiteElo "1615"]
[BlackElo "1480"]
[EventDate "2024.03.02"]

1. d4 e6 2. c4 d5 3. Nc3 Nf6 4. cxd5 Nxd5 5. Nxd5 Qxd5 6. a3 c5 7. Nf3 Nc6 8. e3
Bd7 9. Bb5 a6 10. Bxc6 Bxc6 11. Qc2 Rc8 12. dxc5 Bxc5 13. b4 Be7 14. Bb2 Bd7 15.
Qd2 Qxd2+ 16. Nxd2 Bf6 17. Bxf6 gxf6 18. O-O Bc6 19. f3 Rg8 20. Rac1 Ke7 21. Nb3
Bb5 22. Rfe1 Bc6 23. Kf2 Rgd8 24. Red1 Rxd1 25. Rxd1 Ba4 26. Rc1 Rxc1 27. Nxc1 b6
28. e4 f5 29. exf5 exf5 30. Ke3 Kf6 31. Nd3 Bb5 32. Nf2 h6 33. g4 Bd7 34. h3 Kg5
35. a4 Bxa4 36. gxf5 Kxf5 37. Ng4 Kg6 38. Ne5+ Kf6 39. Nd7+ Bxd7 40. h4 Kf5 41. Kd4
Bc6 42. Ke3 a5 0-1

[Event "2024 British Rapidplay Championship"]
[Site "Holiday Inn Peterborough - West"]
[Date "2024.03.02"]
[Round "4.100"]
[White "Mehta, Hatle"]
[Black "Dhingra, Kanvansh"]
[Result "0-1"]
[WhiteFideId "488003"]
[BlackFideId "33401500"]
[WhiteElo "1447"]
[BlackElo "1592"]
[EventDate "2024.03.02"]

1. d4 d5 2. Bf4 e6 3. e3 c6 4. Nf3 f5 5. Nbd2 Nf6 6. Be2 Bd6 7. Ne5 O-O 8. O-O Qe7
9. a4 Ne4 10. Nxe4 fxe4 11. Bh5 Nd7 12. Nxd7 Bxd7 13. Bxd6 Qxd6 14. Qg4 e5 15. Qg3
Qh6 16. Bg4 Bxg4 17. Qxg4 exd4 18. exd4 Rf4 19. Qg3 Raf8 20. h3 R8f6 21. f3 Rg6 22.
Qf2 Qxh3 23. Qe2 exf3 24. Rxf3 Qxf3 25. Qxf3 Rxf3 26. Re1 Kf7 27. Kh2 Rf2 28. Rg1
Rxc2 29. b4 Rc4 30. Rf1+ Ke7 31. Re1+ Kd7 32. b5 Rxd4 33. bxc6+ bxc6 34. Rb1 Kd6
35. a5 Ra4 36. Kh3 Rxa5 37. g4 Ra3+ 38. Kh4 Ra4 39. Rg1 Ra2 40. g5 Ra4+ 41. Kh3 d4
42. Rd1 c5 43. Kg4 d3+ 44. Kf5 Rd4 45. Rh1 Rd5+ 46. Kf4 Rdxg5 47. Rxh7 d2 48. Rh1
Rg1 0-1

[Event "2024 British Rapidplay Championship"]
[Site "Holiday Inn Peterborough - West"]
[Date "2024.03.02"]
[Round "5.1"]
[White "Han, Yichen"]
[Black "Davtyan, Artur"]
[Result "1/2-1/2"]
[WhiteFideId "1054430"]
[BlackFideId "13308327"]
[WhiteElo "2334"]
[BlackElo "2416"]
[EventDate "2024.03.02"]

1. d4 d5 2. c4 e6 3. Nf3 Nf6 4. g3 Be7 5. Bg2 O-O 6. O-O dxc4 7. Qc2 a6 8. a4 Bd7
9. Qxc4 Bc6 10. Bg5 a5 11. Nc3 Nbd7 12. Rfd1 h6 13. Bxf6 Nxf6 14. Rac1 Bb4 15. Ne5
Bxg2 16. Kxg2 c6 17. Qd3 Nd7 18. Nf3 Qe7 19. Ne4 Rfd8 20. Qe3 Nf6 21. Ne5 Nxe4 22.
Qxe4 Bd6 23. Nd3 Qg5 24. e3 Qd5 25. Qxd5 exd5 26. Rc3 Re8 27. Kf3 h5 28. h4 g6 29.
Rb1 Re7 30. Nc5 Bxc5 31. Rxc5 Kf8 32. b4 axb4 33. Rxb4 Ke8 34. Kf4 Kd8 35. Rc2 Rd7
36. Rcb2 Ra7 1/2-1/2

[Event "2024 British Rapidplay Championship"]
[Site "Holiday Inn Peterborough - West"]
[Date "2024.03.02"]
[Round "5.2"]
[White "Ledger, Andrew J"]
[Black "Royal, Shreyas"]
[Result "0-1"]
[WhiteFideId "400610"]
[BlackFideId "448869"]
[WhiteElo "2376"]
[BlackElo "2331"]
[EventDate "2024.03.02"]

1. c4 e5 2. Nc3 Nf6 3. Nf3 Nc6 4. g3 Bb4 5. Nd5 Bc5 6. Bg2 d6 7. O-O O-O 8. h3 h6
9. e3 a5 10. d4 Ba7 11. b3 Bf5 12. dxe5 dxe5 13. Bb2 Re8 14. Rc1 Ne4 15. Qe2 Nc5
16. Rfd1 Qc8 17. g4 Bh7 18. Nh4 Ne7 19. Nxe7+ Rxe7 20. Rd5 c6 21. Rdd1 e4 22. Ba3
Re5 23. Qb2 Qe8 24. Bxc5 Bxc5 25. Rc2 h5 26. Rcd2 Rg5 27. Nf5 hxg4 28. hxg4 Rxg4
29. Ng3 Rxg3 30. fxg3 Bxe3+ 31. Kh2 Bxd2 32. Rxd2 e3 33. Rd4 e2 34. Rg4 Bg6 0-1

[Event "2024 British Rapidplay Championship"]
[Site "Holiday Inn Peterborough - West"]
[Date "2024.03.02"]
[Round "5.3"]
[White "Kanyamarala, Tarun"]
[Black "Gasanov, Eldar"]
[Result "0-1"]
[WhiteFideId "45004714"]
[BlackFideId "14104466"]
[WhiteElo "2266"]
[BlackElo "2391"]
[EventDate "2024.03.02"]

1. d4 Nf6 2. c4 e6 3. Nc3 d5 4. cxd5 exd5 5. Bg5 c6 6. e3 Bd6 7. Bd3 O-O 8. Nf3 Re8
9. O-O Bg4 10. h3 Bh5 11. Re1 Nbd7 12. e4 dxe4 13. Nxe4 Be7 14. Ng3 Bg6 15. Nf5 Bf8
16. Ne5 Qb6 17. h4 Nxe5 18. dxe5 Bc5 19. Qf3 Bh5 20. Nh6+ gxh6 21. Qxf6 Re6 22. Qf4
hxg5 23. Qxg5+ Bg6 24. Re2 Qd8 25. Bc4 Qxg5 26. hxg5 Re7 27. Kh2 Rd8 28. f4 Rd4 0-1

[Event "2024 British Rapidplay Championship"]
[Site "Holiday Inn Peterborough - West"]
[Date "2024.03.02"]
[Round "5.4"]
[White "Badacsonyi, Stanley"]
[Black "Gormally, Daniel W"]
[Result "1-0"]
[WhiteFideId "486973"]
[BlackFideId "406465"]
[WhiteElo "2105"]
[BlackElo "2463"]
[EventDate "2024.03.02"]

1. d4 d5 2. Nc3 c6 3. Bf4 Bf5 4. e3 e6 5. Nf3 Bd6 6. Ne5 Ne7 7. g4 Bg6 8. h4 f6 9.
Nxg6 hxg6 10. Bxd6 Qxd6 11. Qd2 Nd7 12. e4 g5 13. h5 O-O-O 14. O-O-O Ng6 15. exd5
exd5 16. Bd3 Nf4 17. Bf5 Kb8 18. Rhe1 Nb6 19. b3 Qa3+ 20. Kb1 Qb4 21. Ka1 a5 22.
Re3 Ng2 23. Rg3 Nh4 24. Qd3 Rde8 25. Bg6 Re7 26. Nb1 a4 27. c3 Qd6 28. c4 dxc4 29.
bxc4 Qb4 30. Na3 Rd8 31. Rb1 Re1 32. Rg1 Rxg1 33. Rxg1 Nd7 34. Qg3+ Ka7 35. Nc2 Qxc4
36. Qc7 Qc3+ 37. Kb1 Nb6 38. Rg3 Nf3 39. Rxf3 Qxf3 40. Qxd8 Qd1+ 41. Kb2 Qd2 42.
Qg8 Nd5 43. Qf8 Nc3 44. Qc5+ 1-0

[Event "2024 British Rapidplay Championship"]
[Site "Holiday Inn Peterborough - West"]
[Date "2024.03.02"]
[Round "5.5"]
[White "Moreby, James E"]
[Black "Wells, Peter K"]
[Result "1-0"]
[WhiteFideId "427756"]
[BlackFideId "400327"]
[WhiteElo "2248"]
[BlackElo "2440"]
[EventDate "2024.03.02"]

1. c4 e6 2. g3 d5 3. Bg2 Nf6 4. Nf3 dxc4 5. Na3 Bxa3 6. bxa3 O-O 7. Bb2 Nc6 8. Qc2
e5 9. Nxe5 Nxe5 10. Bxe5 Re8 11. Bb2 Bg4 12. e3 b5 13. a4 a6 14. axb5 axb5 15. a4
Rxa4 16. Rxa4 bxa4 17. Qxc4 Qb8 18. Qc3 Qb5 19. f3 Rb8 20. Ba1 Be6 21. Kf2 Qf5 22.
Qd4 a3 23. Rc1 h5 24. Rc5 Qg6 25. h4 Rb1 26. Rg5 Qh6 27. Qd8+ Kh7 28. Qd3+ 1-0

[Event "2024 British Rapidplay Championship"]
[Site "Holiday Inn Peterborough - West"]
[Date "2024.03.02"]
[Round "5.6"]
[White "Willow, Jonah B"]
[Black "Burrows, Martin P"]
[Result "1-0"]
[WhiteFideId "438804"]
[BlackFideId "409057"]
[WhiteElo "2295"]
[BlackElo "2057"]
[EventDate "2024.03.02"]

1. e4 c5 2. Nc3 Nc6 3. Nf3 e5 4. Bc4 Be7 5. d3 d6 6. Nd2 Nf6 7. Nf1 Bg4 8. f3 Be6
9. Ne3 O-O 10. O-O a6 11. a4 Rb8 12. Ned5 Bxd5 13. Nxd5 Nxd5 14. Bxd5 Bg5 15. c3
Bxc1 16. Qxc1 Ne7 17. Bb3 Ng6 18. Qe3 Nf4 19. g3 Ne6 20. Kh1 b5 21. Rf2 Qc7 22. Bd5
Qe7 23. Qd2 Kh8 24. axb5 axb5 25. Rff1 f5 26. exf5 Rxf5 27. Ra5 b4 28. Rfa1 bxc3
29. bxc3 Rff8 30. Qa2 Nc7 31. Ra7 Qd8 32. Qc4 h6 33. Qg4 Ne8 34. Rd7 Qf6 35. Raa7
Qg5 36. Qxg5 hxg5 37. Re7 Nf6 38. Rxg7 Rb1+ 39. Kg2 Rfb8 40. Kh3 Nxd5 41. Rh7+ Kg8
42. Rhg7+ Kh8 43. c4 Nb4 44. Kg4 Rh1 45. Rh7+ Kg8 46. Kxg5 Nc6 47. Rag7+ Kf8 48.
Kf6 1-0

[Event "2024 British Rapidplay Championship"]
[Site "Holiday Inn Peterborough - West"]
[Date "2024.03.02"]
[Round "5.7"]
[White "Southcott-Moyers, Indy"]
[Black "Derakhshani, Borna"]
[Result "1/2-1/2"]
[WhiteFideId "488542"]
[BlackFideId "12518450"]
[WhiteElo "1993"]
[BlackElo "2286"]
[EventDate "2024.03.02"]

1. d4 Nf6 2. c4 e6 3. Nf3 b6 4. a3 Bb7 5. Nc3 d5 6. cxd5 Nxd5 7. e3 Be7 8. Bb5+ c6
9. Bd3 O-O 10. O-O c5 11. e4 cxd4 12. Nxd5 exd5 13. e5 Nc6 14. Bb5 Rc8 15. Bxc6 Rxc6
16. Nxd4 Rc8 17. Be3 Re8 18. f4 a5 19. Qf3 Rc4 20. Rad1 Bc5 21. Qg3 Qd7 22. Rd2 Kh8
23. Rfd1 a4 24. Nc2 Qf5 25. Bxc5 bxc5 26. Ne3 Qxf4 27. Nxc4 Qxc4 28. Rf2 d4 29. Rdf1
Bd5 30. Qf4 Qb5 31. Qg4 Rxe5 32. h3 Kg8 33. Rc1 Be6 34. Qf3 Bd5 35. Qg4 Be6 36. Qf3
g6 37. Qf6 Rd5 38. Re1 Qd7 39. Rc1 d3 40. Rd2 Qd6 41. Qf2 Rf5 42. Qe3 c4 43. Re1
h5 44. Qe4 Rg5 45. Qe3 Rg3 46. Qe5 Qb6+ 47. Kh2 h4 48. Qf4 g5 49. Qe5 Qc6 50. Re3
Rxe3 51. Qxg5+ Kf8 52. Qh6+ Ke7 53. Qxe3 Qd6+ 54. Kg1 Ke8 55. Rf2 Qc7 56. Rd2 Qd6
57. Rf2 Qc7 58. Rd2 Qd6 1/2-1/2

[Event "2024 British Rapidplay Championship"]
[Site "Holiday Inn Peterborough - West"]
[Date "2024.03.02"]
[Round "5.8"]
[White "Roberson, Peter T"]
[Black "Mikalajunas, Kajus"]
[Result "1-0"]
[WhiteFideId "412384"]
[BlackFideId "483621"]
[WhiteElo "2401"]
[BlackElo "2042"]
[EventDate "2024.03.02"]

1. e4 c6 2. d4 d5 3. Nd2 dxe4 4. Nxe4 Nf6 5. Nxf6+ exf6 6. Be3 Bd6 7. Bd3 O-O 8.
Ne2 Re8 9. O-O Nd7 10. c4 Nf8 11. Qc2 Ng6 12. Ng3 Qc7 13. Rfe1 Be6 14. Rab1 Rad8
15. b4 Bf4 16. b5 cxb5 17. Rxb5 Bd7 18. Rbb1 Qa5 19. Ne4 Ba4 20. Qc3 Qh5 21. g3 Bxe3
22. Rxe3 f5 23. Nc5 Rxe3 24. fxe3 Bc6 25. d5 Qf3 26. Bf1 Rxd5 27. cxd5 Bxd5 28. Qd4
Qh1+ 29. Kf2 Qxh2+ 30. Ke1 Qxg3+ 31. Kd2 Bf3 32. Be2 Qg2 33. Re1 h5 34. Nd3 Be4 35.
Nf4 Nxf4 36. exf4 Qg3 37. Qe3 Qg6 38. Rc1 h4 39. Bf3 Qd6+ 40. Ke1 Qb4+ 41. Qc3 Qb6
42. Kf1 Qa6+ 43. Kg1 Qxa2 44. Bxe4 fxe4 45. Qc8+ Kh7 46. Qf5+ g6 47. Qxe4 Qa3 48.
Rc7 Qa1+ 49. Kg2 Qa2+ 50. Kh3 Kh6 51. Qf3 b5 52. Qg2 Qa3+ 53. Kxh4 f6 54. Qg5+ fxg5+
55. fxg5# 1-0

[Event "2024 British Rapidplay Championship"]
[Site "Holiday Inn Peterborough - West"]
[Date "2024.03.02"]
[Round "5.9"]
[White "Hebden, Mark L"]
[Black "Repasi, Zoltan"]
[Result "1-0"]
[WhiteFideId "400084"]
[BlackFideId "724602"]
[WhiteElo "2436"]
[BlackElo "2097"]
[EventDate "2024.03.02"]

1. d4 g6 2. e4 Bg7 3. Nf3 d6 4. Bc4 e6 5. O-O Ne7 6. c3 Nd7 7. Nbd2 O-O 8. Qe2 b6
9. Rd1 Bb7 10. Ba6 Qc8 11. Bxb7 Qxb7 12. Nf1 c5 13. Ng3 cxd4 14. cxd4 h6 15. h4 Nf6
16. Bf4 Rfd8 17. Rac1 Rac8 18. Rxc8 Qxc8 19. Nh2 Qc6 20. b3 Rc8 21. Rc1 Qb7 22. Rxc8+
Nxc8 23. f3 h5 24. Qd2 Kh7 25. Ne2 Qc6 26. Nf1 Ne7 27. Ne3 d5 28. e5 Nfg8 29. g4
hxg4 30. fxg4 Nh6 31. Ng3 Qc8 32. h5 gxh5 33. Nxh5 Ng6 34. Bg5 Qh8 35. Nf6+ Bxf6
36. Bxf6 Qg8 37. g5 Nh4 1-0

[Event "2024 British Rapidplay Championship"]
[Site "Holiday Inn Peterborough - West"]
[Date "2024.03.02"]
[Round "5.10"]
[White "Buckley, Graeme N"]
[Black "Nawalaniec, Adam"]
[Result "0-1"]
[WhiteFideId "402265"]
[BlackFideId "21023786"]
[WhiteElo "2267"]
[BlackElo "1977"]
[EventDate "2024.03.02"]

1. e4 c5 2. Nf3 d6 3. Bb5+ Bd7 4. Bxd7+ Nxd7 5. O-O Ngf6 6. Qe2 Qc7 7. b3 g6 8. Bb2
e5 9. d3 Bg7 10. Nbd2 O-O 11. a4 b6 12. Nc4 a6 13. Ne3 b5 14. c4 b4 15. Nd2 Rae8
16. a5 Bh6 17. Nd5 Qd8 18. Bc1 Nb8 19. Qf3 Kg7 20. Qh3 Nc6 21. Nf3 Bxc1 22. Rfxc1
Nxd5 23. cxd5 Nd4 24. Nxd4 exd4 25. Re1 f5 26. g3 fxe4 27. dxe4 Rf3 28. Qf1 Rxb3
29. Qxa6 Qf6 30. Ra2 Qf3 31. Qe2 Qxe2 32. Rexe2 d3 33. Re3 Rb1+ 34. Kg2 c4 35. f4
b3 36. Ra4 d2 37. Rxc4 d1=Q 38. Rc7+ Kg8 39. Kh3 Qh5+ 40. Kg2 Rb2+ 41. Kf1 Qd1+ 42.
Re1 Qf3+ 0-1

[Event "2024 British Rapidplay Championship"]
[Site "Holiday Inn Peterborough - West"]
[Date "2024.03.02"]
[Round "5.11"]
[White "Dougherty, Michael"]
[Black "Ashton, Adam G"]
[Result "1-0"]
[WhiteFideId "2601559"]
[BlackFideId "410110"]
[WhiteElo "2030"]
[BlackElo "2345"]
[EventDate "2024.03.02"]

1. d4 d5 2. Nf3 Nf6 3. c4 e6 4. e3 Be7 5. Nc3 O-O 6. Qc2 c5 7. dxc5 Bxc5 8. a3 a5
9. Bd3 Nc6 10. O-O dxc4 11. Bxc4 Qe7 12. e4 Ng4 13. Bf4 Bd6 14. Bxd6 Qxd6 15. Rad1
Qf4 16. Qd2 Qxd2 17. Rxd2 b6 18. Na4 Rb8 19. Bb5 Na7 20. Bd7 b5 21. Nc5 Nf6 22. Ne5
Rd8 23. Rfd1 Bxd7 24. Nexd7 Nxd7 25. Nxd7 1-0

[Event "2024 British Rapidplay Championship"]
[Site "Holiday Inn Peterborough - West"]
[Date "2024.03.02"]
[Round "5.12"]
[White "Iyengar, Ilya"]
[Black "Boswell, Jacob Connor"]
[Result "0-1"]
[WhiteFideId "405949"]
[BlackFideId "427110"]
[WhiteElo "1951"]
[BlackElo "2031"]
[EventDate "2024.03.02"]

1. d4 Nf6 2. Nf3 g6 3. g3 Bg7 4. c4 O-O 5. Bg2 d6 6. O-O c5 7. Nc3 Nc6 8. d5 Na5
9. Nd2 a6 10. Qc2 b5 11. cxb5 axb5 12. Nxb5 Qb6 13. a4 Bf5 14. e4 Bd7 15. Nc3 Rfb8
16. Ra3 Ng4 17. h3 Ne5 18. f4 Nd3 19. Kh2 Nxc1 20. Rxc1 Qxb2 21. Qxb2 Rxb2 22. Ndb1
Nc4 23. Ra1 Ne3 24. Rg1 Rb3 25. Rc1 Rb2 26. Rg1 Rc2 27. Ra3 Nc4 28. Rb3 Bd4 29. Re1
Bxa4 30. Nxa4 Rxa4 31. Kh1 Raa2 0-1

[Event "2024 British Rapidplay Championship"]
[Site "Holiday Inn Peterborough - West"]
[Date "2024.03.02"]
[Round "5.13"]
[White "Bowcott-Terry, Finlay"]
[Black "Quilter, Thomas A"]
[Result "1/2-1/2"]
[WhiteFideId "449199"]
[BlackFideId "408530"]
[WhiteElo "2055"]
[BlackElo "2051"]
[EventDate "2024.03.02"]

1. e4 e5 2. Nf3 Nc6 3. Bc4 Bc5 4. c3 Nf6 5. d4 exd4 6. cxd4 Bb4+ 7. Kf1 d5 8. exd5
Nxd5 9. Nc3 Bxc3 10. bxc3 O-O 11. Ng5 h6 12. h4 Nce7 13. Ba3 Be6 14. Nxe6 fxe6 15.
Kg1 Rf4 16. Qd2 Rf6 17. Re1 Nf5 18. Re5 c6 19. Bb3 Qa5 20. Bb2 Raf8 21. Qe1 Nd6 22.
f3 Re8 23. c4 Qxe1+ 24. Rxe1 Nf4 25. Bc3 b5 26. cxb5 Nxb5 27. Ba1 Rg6 28. Rh2 Rd8
29. Re4 Nd5 30. h5 Rf6 31. Rhh4 Kf7 32. Kf2 Nd6 33. Re1 Nf5 34. Rhe4 Nd6 35. R4e2
Re8 36. g3 Rf5 37. Re5 Rxe5 38. dxe5 Nb5 39. Rc1 Nb4 40. Kg2 Rc8 41. Rd1 Nd5 42.
Kf2 Ke7 43. a4 Nbc7 44. Bd4 a5 45. Bc5+ Kf7 46. Bc2 Na6 47. Bd6 Nab4 48. Bg6+ Kg8
49. Rc1 Na2 50. Rc5 Ra8 51. Rxc6 Nac3 52. Rc4 Na2 53. f4 Nb6 54. Rc7 Nxa4 55. Bf7+
Kh8 56. Bxe6 N4c3 57. Kg2 a4 58. f5 Nb5 59. Rc4 Nac3 60. Bb4 Nd1 61. Kh3 a3 62. Rc5
Nd4 63. Ba2 Nf2+ 64. Kg2 Nd3 65. Rc4 Nxf5 66. Bd2 Nxe5 67. Rc5 Re8 68. Bc3 Nd3 69.
Rxf5 Re2+ 70. Kh3 Rxa2 71. Rf8+ Kh7 72. Rf7 Nf2+ 73. Kh4 Ne4 74. Rxg7+ Kh8 75. Be5
Rh2+ 76. Kg4 Nf2+ 77. Kf3 Nd3 78. Bd4 a2 79. Ke3 Ne1 80. Rg6+ Kh7 81. Rg7+ Kh8 82.
Rg6+ Kh7 83. Rg7+ Kh8 84. Rg6+ Kh7 1/2-1/2

[Event "2024 British Rapidplay Championship"]
[Site "Holiday Inn Peterborough - West"]
[Date "2024.03.02"]
[Round "5.14"]
[White "Harris, Michael"]
[Black "Fraser-Mitchell, Jeremy N"]
[Result "1/2-1/2"]
[WhiteFideId "402028"]
[BlackFideId "405000"]
[WhiteElo "2233"]
[BlackElo "1984"]
[EventDate "2024.03.02"]

1. d4 f5 2. c4 Nf6 3. Nc3 g6 4. g3 Bg7 5. Bg2 O-O 6. Nh3 c6 7. O-O Na6 8. Nf4 Qe8
9. e4 Nxe4 10. Nxe4 fxe4 11. Bxe4 Qf7 12. d5 Nc5 13. Bg2 Rb8 14. Be3 d6 15. Bd4 Bf5
16. Bxg7 Qxg7 17. b4 Na6 18. a3 c5 19. b5 Nc7 20. Qd2 b6 21. a4 g5 22. Ne2 Ne8 23.
a5 Nf6 24. Nc3 Ng4 25. axb6 axb6 26. f4 Qd4+ 27. Qxd4 cxd4 28. Ne2 Bd3 29. Nxd4 Bxf1
30. Bxf1 gxf4 31. Ne6 Rf7 32. gxf4 Ne3 33. Bd3 Nf5 34. Ra7 Ng7 35. Ng5 Rxf4 36. Bxh7+
Kh8 37. h3 Nf5 38. Ne6 Rf3 39. Bxf5 Rxf5 40. Rxe7 Rg8+ 41. Kh2 Rf2+ 42. Kh1 Rf1+
43. Kh2 Rf2+ 44. Kh1 Ra8 45. Rg7 Ra1+ 46. Rg1 Raa2 47. Re1 Rh2+ 48. Kg1 Rxh3 49.
Nd8 Rg3+ 50. Kf1 Rf3+ 1/2-1/2

[Event "2024 British Rapidplay Championship"]
[Site "Holiday Inn Peterborough - West"]
[Date "2024.03.02"]
[Round "5.15"]
[White "Dasgupta, Avyukt"]
[Black "Mirzoeva, Elmira"]
[Result "1-0"]
[WhiteFideId "480630"]
[BlackFideId "4127951"]
[WhiteElo "1905"]
[BlackElo "2206"]
[EventDate "2024.03.02"]

1. d4 d6 2. Nf3 g6 3. b3 Bg7 4. Bb2 Nd7 5. e3 e5 6. dxe5 dxe5 7. Bc4 Nh6 8. e4 O-O
9. O-O c6 10. b4 Qe7 11. a3 Nb6 12. Bb3 Be6 13. Nbd2 f6 14. Qe2 Nf7 15. a4 Bxb3 16.
Nxb3 Nd6 17. Nfd2 Qf7 18. Nc5 Nbc4 19. Nxb7 Bh6 20. Nxd6 Nxd6 21. Nb3 Rab8 22. Bc3
Nc4 23. Rfd1 Rfd8 24. Nc5 Bf8 25. Nd7 Rxd7 26. Rxd7 Qxd7 27. Qxc4+ Kg7 28. h3 Bd6
29. Rd1 Rd8 30. Qd3 Qe7 31. Qc4 Rc8 32. b5 Bc5 33. bxc6 Rxc6 34. Qb5 Rd6 35. Rd5
Rxd5 36. exd5 Qd6 37. Qb7+ Kg8 38. Bd2 Bb6 39. Bh6 Qc7 40. Qxc7 Bxc7 41. Be3 a6 42.
c4 Kf7 43. Kf1 f5 44. f3 Ke7 45. c5 Kd7 46. Ke2 Ba5 47. Kd3 Bc7 48. Kc4 Ba5 49. c6+
Kd6 50. Bc5+ Kc7 51. Bf2 Kd6 52. Bc5+ Kc7 53. Bb4 Bb6 54. a5 Be3 55. Bc5 Bd2 56.
Bb6+ Kd6 57. Bc5+ Kc7 58. Bb4 Be3 59. Kd3 Bf2 60. g4 h5 61. Bc3 Bg3 62. Kc4 Kd6 63.
Bb4+ Kc7 64. Bc5 hxg4 65. hxg4 Bh2 66. gxf5 gxf5 67. Bb4 Bg3 68. Kd3 Bh2 69. Ke2
Bg1 70. Kf1 Bd4 71. Kg2 Be3 72. Kh3 Bf2 73. Bc3 e4 74. fxe4 fxe4 75. Be5+ Kc8 76.
Kg4 Bc5 77. d6 e3 78. d7+ Kd8 79. Bf6+ Be7 80. Bxe7+ Kxe7 81. Kf3 Kd8 82. Kxe3 Kc7
83. Kd4 Kd8 84. Kc4 Kc7 85. Kc5 Kd8 86. Kb6 1-0

[Event "2024 British Rapidplay Championship"]
[Site "Holiday Inn Peterborough - West"]
[Date "2024.03.02"]
[Round "5.16"]
[White "Martin, Lewis"]
[Black "Sivanandan, Bodhana"]
[Result "1-0"]
[WhiteFideId "410551"]
[BlackFideId "497592"]
[WhiteElo "2192"]
[BlackElo "1904"]
[EventDate "2024.03.02"]

1. e4 c6 2. d4 d5 3. Nc3 dxe4 4. Nxe4 Nf6 5. Ng3 h5 6. h4 Bg4 7. N1e2 g6 8. Qd3 Nbd7
9. f3 Bf5 10. Nxf5 Qa5+ 11. Bd2 Qxf5 12. Qxf5 gxf5 13. O-O-O O-O-O 14. c4 e6 15.
Bc3 Bd6 16. Kb1 Rhg8 17. Nc1 e5 18. dxe5 Bxe5 19. Be1 Nc5 20. Rxd8+ Rxd8 21. g3 f4
22. gxf4 Bxf4 23. Bc3 Nfd7 24. Bh3 Kc7 25. Re1 Bxc1 26. Rxc1 Ne6 27. Re1 Ndc5 28.
Bf5 Nd3 29. Rd1 Ndc5 30. Rxd8 Kxd8 31. b4 Nd7 32. Kc2 Ke7 33. a4 c5 34. b5 b6 35.
Kd3 Kd6 36. Ke4 f6 37. Bg6 Ng7 38. f4 Ke6 39. f5+ Kd6 40. Bd2 Ke7 41. Bf4 Ne8 42.
Bxh5 Nd6+ 43. Bxd6+ Kxd6 44. Bf7 Ne5 45. Be6 Ke7 46. Kd5 Nd3 47. Kc6 Nf4 48. Bd5
Nd3 49. Kb7 Nb2 50. Kxa7 Nxa4 51. Bf3 Nb2 52. Kxb6 Nxc4+ 53. Kxc5 Nd6 54. b6 Kd7
55. h5 Nf7 56. Bd5 Nh6 57. Be6+ Kd8 58. Kd6 Ke8 59. b7 Kf8 60. b8=Q+ Kg7 61. Ke7
Kh7 62. Qe8 Kg7 63. Qg6 Kh8 64. Qxh6+ 1-0

[Event "2024 British Rapidplay Championship"]
[Site "Holiday Inn Peterborough - West"]
[Date "2024.03.02"]
[Round "5.17"]
[White "Shearsby, Jude"]
[Black "Waldhausen Gordon, Frederick"]
[Result "0-1"]
[WhiteFideId "462527"]
[BlackFideId "2409143"]
[WhiteElo "2028"]
[BlackElo "2045"]
[EventDate "2024.03.02"]

1. e4 c5 2. Nf3 Nc6 3. Bb5 g6 4. Bxc6 dxc6 5. d3 Bg7 6. h3 Qc7 7. O-O b6 8. Nc3 e5
9. Be3 h6 10. a4 a5 11. Qd2 Nf6 12. Nh2 Nh5 13. Ne2 g5 14. c3 Nf4 15. Ng3 Be6 16.
b4 axb4 17. cxb4 cxb4 18. Qxb4 c5 19. Qb5+ Bd7 20. Qc4 O-O 21. Ng4 Be6 22. Qc3 Qd8
23. Nxe5 Nxd3 24. Qxd3 Bxe5 25. Qxd8 Rfxd8 26. Rab1 Rd6 27. f4 gxf4 28. Bxf4 Bxf4
29. Rxf4 Rxa4 30. e5 Rxf4 31. exd6 Rb4 32. Rd1 Rd4 33. Rxd4 cxd4 34. Kf2 Kf8 35.
Ne2 d3 36. Nf4 Bc4 37. Ke3 Ke8 38. Nh5 Kd7 39. Nf6+ Kxd6 40. Ng8 f5 41. Nxh6 Ke5
42. Kd2 b5 43. g4 f4 44. Nf5 b4 45. Nh4 Ke4 46. g5 f3 47. g6 f2 0-1

[Event "2024 British Rapidplay Championship"]
[Site "Holiday Inn Peterborough - West"]
[Date "2024.03.02"]
[Round "5.18"]
[White "Toma, Katarzyna"]
[Black "Verbytski, Oleg"]
[Result "1-0"]
[WhiteFideId "1119907"]
[BlackFideId "495506"]
[WhiteElo "2122"]
[BlackElo "1894"]
[EventDate "2024.03.02"]

1. e4 c5 2. Nf3 d6 3. d4 cxd4 4. Qxd4 Nc6 5. Bb5 Bd7 6. Qd3 Nf6 7. c4 e6 8. Nc3 Be7
9. O-O O-O 10. h3 a6 11. Bxc6 Bxc6 12. Nd4 Qc7 13. Be3 Rac8 14. Rac1 Qb8 15. b3 Rfd8
16. Nxc6 bxc6 17. Qe2 Qb7 18. Na4 d5 19. exd5 cxd5 20. Bb6 Re8 21. Bd4 dxc4 22. bxc4
Qc6 23. Nb6 Rcd8 24. Be3 Bc5 25. Rb1 Bxe3 26. Qxe3 Nd7 27. Nxd7 Rxd7 28. c5 Rd5 29.
Rfc1 Rc8 30. Rb6 Qa4 31. Rxe6 Rd1+ 32. Rxd1 Qxd1+ 33. Kh2 Qd7 34. Re7 Qc6 35. Qf4
Qf6 36. Qe5 Qxe5+ 37. Rxe5 f6 38. Rd5 Rc6 39. Kg3 Kf7 40. Kf3 Re6 41. Rd7+ Kg6 42.
g3 f5 43. Rb7 Kf6 44. Rb6 Ke5 45. c6 Re7 46. Rxa6 Rc7 47. Ke3 g5 48. Ra5+ Ke6 49.
Rc5 h6 50. a4 h5 51. a5 g4 52. hxg4 hxg4 53. Kf4 Kd6 54. Rc2 Ke6 55. a6 Kf6 56. Ke3
Re7+ 57. Kd4 Rc7 58. Kc5 Ke6 59. Kb6 Kd6 60. Rd2 Ke5 61. Kxc7 Ke4 62. a7 Kf3 63.
a8=Q f4 64. Qf8 Kg2 65. Qxf4 Kh1 66. f3 gxf3 67. Qe3 1-0

[Event "2024 British Rapidplay Championship"]
[Site "Holiday Inn Peterborough - West"]
[Date "2024.03.02"]
[Round "5.19"]
[White "Frostick, Clive A"]
[Black "Dicen, Elis Denele"]
[Result "1/2-1/2"]
[WhiteFideId "411302"]
[BlackFideId "462560"]
[WhiteElo "2162"]
[BlackElo "1892"]
[EventDate "2024.03.02"]

1. e4 c5 2. Nf3 d6 3. Bb5+ Bd7 4. Bxd7+ Qxd7 5. b3 Nf6 6. Qe2 Nc6 7. O-O g6 8. Bb2
Bg7 9. d3 O-O 10. Nbd2 b6 11. Rfe1 e5 12. Nc4 b5 13. Ne3 Ne7 14. a4 a6 15. Ra2 Qb7
16. Rea1 h6 17. Nd2 Kh7 18. g3 Nd7 19. f3 f5 20. axb5 axb5 21. Rxa8 Rxa8 22. Qe1
d5 23. exd5 Nxd5 24. Nxd5 Qxd5 25. Rxa8 Qxa8 26. Qa1 Qxa1+ 27. Bxa1 Kg8 28. Nb1 Kf7
29. Na3 b4 30. Nc4 Ke6 31. Bb2 Bf6 32. Bc1 g5 33. h3 h5 34. Kg2 f4 35. Nd2 Be7 36.
Ne4 Kf5 37. g4+ hxg4 38. fxg4+ Ke6 39. Bd2 Kd5 40. Be1 Ke6 41. Bf2 Kd5 42. Kf3 Ke6
43. Kg2 1/2-1/2